Angyalok "feltámadása"

Elmentve itt :
Bibliográfiai részletek
Szerző: Bagaméry László
Dokumentumtípus: Cikk
Megjelent: 1970-10-17
Sorozat:Délmagyarország 60 No. 244
Kulcsszavak:Zenei élet dzsessz zenekar Szeged 1970, tánczene
Online Access:http://dmarchiv.bibl.u-szeged.hu/77020
LEADER 00488nab a2200157 i 4500
001 delm77020
005 20180928084255.0
008 180928s1970 hu o 0|| hun d
040 |a SZTE Délmagyarország Archívum  |b hun 
041 |a hun 
100 1 |a Bagaméry László 
245 1 0 |a Angyalok "feltámadása"  |h [elektronikus dokumentum] /  |c  Bagaméry László 
260 |c 1970-10-17 
300 |a 5 
490 0 |a Délmagyarország  |v 60 No. 244 
695 |a Zenei élet dzsessz zenekar Szeged 1970, tánczene